000 00420cam a22001217a 4500
008 180718b1986 xxu||||| |||| 00| 0 eng d
082 _aK18x54 In2a
100 _aSharma, B. R.
245 _aAdministrative stress: a study of middle level government executives in India
_cby B. R. Sharma
260 _aNew Delhi
_bIndian Institute of Public Administration
_c1986
300 _a78p.
650 _aPublic administration --India
999 _c500799
_d500799